Les films de Pierre Niney - Statistiques

Statistiques générales
  • Ce quiz a été pris 73 fois
  • Le résultat moyen est 11 sur 25
Statistiques - réponses
Par images Réponse % Correct
Le comte de Monte-Cristo
93%
20 ans d'écart
87%
Yves Saint Laurent
80%
Boîte noire
79%
La Flamme
64%
Fiasco
62%
Five
62%
Le Flambeau
62%
Sauver ou Périr
52%
Goliath
48%
Frantz
46%
OSS 117 : Alerte rouge en Afrique noire
43%
Casting(s)
41%
LOL
38%
Un homme idéal
38%
La Promesse de l'Aube
33%
Le Livre des solutions
31%
Comme des frères
23%
Deux moi
23%
L'Odyssée
23%
Mascarade
23%
J'aime regarder les filles
18%
Amants
13%
Les Emotifs anonymes
13%
Altamira
8%
Aucun quiz correspondant
Distribution des résultats
% des personnes avec chaque résultat
Percentile par nombre de réponses
Votre historique - résultats
Vous n’avez pas pris ce quiz